| Поле | Инд. | ПП | Название | Значение |
|---|---|---|---|---|
| Тип записи | a | |||
| Библиографический уровень | m | |||
| 001 | Контрольный номер | e92a55ab-7c15-496b-8ec8-94ca0a5862a1 | ||
| 005 | Дата корректировки | 20140226135251.8 | ||
| 008 | Кодируемые данные | 990406 d | ||
| 020 | a | ISBN | 5-89279-003-7 | |
| c | Цена, тираж | 53900.00 | ||
| 041 | a | Код языка текста | rus | |
| 080 | a | Индекс УДК | 343(470)(094.4) | |
| 084 | a | Индекс другой классификации/Индекс ББК | Х628.1 | |
| 090 | c | Каталожный индекс | Х628.1 | |
| x | Авторский знак | П73 | ||
| a | Полочн. индекс | Х628.1 | ||
| 245 | 00 | a | Заглавие | Преступления в сфере экономики |
| b | Продолж. заглавия | Постатейн. материалы к новому Уголов. кодексу Рос. Федерации | ||
| c | Ответственность | [Сост. П.С. Яни] | ||
| 260 | 0_ | a | Место издания | Москва |
| b | Издательство | Кросна-Лекс | ||
| c | Дата издания | 1997 | ||
| 300 | a | Объем | 810,[1] с. | |
| 583 | a | Действие | Получение впервые 206 05.06.97 | |
| k | Исполнитель действия | Кол-тор г. Москвы | ||
| x | Служебное примечание | 21010 | ||
| 650 | a | Основная рубрика | Уголовное право | |
| x | Основная подрубрика | Особенная часть | ||
| z | Географическая подрубрика | Российская Федерация | ||
| 650 | a | Основная рубрика | Экономические преступления | |
| 653 | a | Ключевые слова | Уголовное право России | |
| a | Ключевые слова | Уголовный кодекс России | ||
| a | Ключевые слова | Хозяйственные преступления | ||
| a | Ключевые слова | Экономические преступления | ||
| 700 | 1_ | a | Другие авторы | Яни Павел Сергеевич |
| e | Роль лиц | сост. | ||
| 852 | t | Порядковый номер экземпляра | 1 | |
| p | Инвентарный номер | 683202 | ||
| 888 | a | Пред.оплата | ||
| 952 | p | 206 53900.00 1 683202 | ||
| c | Вид литературы | К рн | ||
| 954 | a | Дата поступления на обработку | 18.06.97 | |
| 999 | a | Подразделение 2 | Фил1 |